Delivered at the Annual Meeting (Record no. 3774)

MARC details
000 -LEADER
fixed length control field 00586nam a2200229 a 4500
020 ## - INTERNATIONAL STANDARD BOOK NUMBER
ISBN
082 00 - DEWEY DECIMAL CLASSIFICATION NUMBER
Classification number 305.6945097
Author Cutter SAC
100 ## - MAIN ENTRY--AUTHOR NAME
Author name Sachar, Bhimsen
245 ## - TITLE STATEMENT
Title Delivered at the Annual Meeting
260 ## - PUBLICATION, DISTRIBUTION, ETC. (IMPRINT)
Place of publication Hyderabad
Name of publisher Inst.Of Indo-Middle East Cultural Studie
Year of publication 1960
300 ## - PHYSICAL DESCRIPTION
Number of Pages 12p
500 ## - GENERAL NOTE
General note includes index and biblioraphy
505 2# - FORMATTED CONTENTS NOTE
Formatted contents note Map and Appendex
942 ## - ADDED ENTRY ELEMENTS (KOHA)
Koha item type Books
700 1# -
-- Sachar, Bhimsen
Holdings
Collection code Home library Current library Date acquired Cost, normal purchase price Full call number Accession Number Koha item type
  Henry Martyn Institute Library Henry Martyn Institute Library 03/29/2007 100.00 305.6945097 SAC 06355 Books
                   Copyright © 2026 | Henry Martyn Institute | Hyderabad | TS-500052 | INDIA | Implemented by hmi.edu.in
Hit-Count:

Powered by Koha